Normal view MARC view
  • Sen G

Entry Personal Name

Number of records used in: 1

001 - CONTROL NUMBER

  • control field: 117981

003 - CONTROL NUMBER IDENTIFIER

  • control field: OSt

005 - DATE AND TIME OF LATEST TRANSACTION

  • control field: 20230125045622.0

008 - FIXED-LENGTH DATA ELEMENTS

  • fixed length control field: 230125|| aca||aabn | a|a d

040 ## - CATALOGING SOURCE

  • Original cataloging agency: OSt
  • Transcribing agency: OSt

100 ## - HEADING--PERSONAL NAME

  • Personal name: Sen G

670 ## - SOURCE DATA FOUND

  • Source citation: Work cat.: (OSt)95893: Sen G, The Mind Of Swami Vivekananda, 2018